| 000 | 00000nam##2200000za#4500 |
| 001 | 9.642920 |
| 003 | CaOODSP |
| 005 | 20210624223930 |
| 007 | cr ||||||||||| |
| 008 | 150407|2009||||xxc|||||o f|0| 0 fre|d |
| 040 | |aCaOODSP|bfre |
| 043 | |an-cn--- |
| 086 | 1 |aEn14-117/2009F-PDF |
| 110 | 1 |aCanada. |bEnvironnement Canada. |
| 245 | 13|aLe Règlement sur les BPC : |h[ressource électronique]|bun aperçu |
| 260 | |aOttawa - Ontario : |bEnvironnement Canada |c[2009]. |
| 300 | |a2p. |
| 590 | |a14-08-Supp|b2014-04-10 |
| 691 | 07|aPolluant|2gcpds |
| 691 | 07|aProtection de l'environnement|2gcpds |
| 775 | 08|tPCB Regulations : |w(CaOODSP)9.698880 |
| 856 | 40|ahttp://publications.gc.ca|qPDF|s91 Ko|uhttps://publications.gc.ca/collections/collection_2014/ec/En14-117-2009-fra.pdf |